A carregar...
La Bible; Les Armes De La Lumiere
| Autor principal: | |
|---|---|
| Formato: | Printed Book |
| Publicado em: |
Celestial Books
|
| Assuntos: |
| LEADER | 00431nam a22001337a 4500 | ||
|---|---|---|---|
| 082 | |a 220 |b APP/L | ||
| 100 | |a K.P.Appan |9 203267 | ||
| 245 | |a La Bible; |b Les Armes De La Lumiere | ||
| 260 | |b Celestial Books | ||
| 300 | |a 95p. | ||
| 650 | |a English ;Christian |9 319291 | ||
| 942 | |c BK | ||
| 999 | |c 70111 |d 70111 | ||
| 952 | |0 0 |1 0 |4 0 |6 220_000000000000000_APP_L |7 0 |9 83052 |a MAL |b MAL |d 2016-11-25 |e TE4946 |l 0 |o 220 APP/L |p MALTE004946 |r 2016-11-25 |t 1 |w 2016-11-25 |y BK | ||